Pensar institucionalmente /
El libro aporta reflexiones acerca el gobierno responsable y la moral de la política, economía y cultura ¿Qué se necesita para gestionar un buen gobierno en estos difíciles tiempos?. Además detalla la necesidad de recuperar la confianza en algunas de las características de los seres humanos: las ins...
Guardat en:
| Format: | Desconegut |
|---|---|
| Idioma: | Spanish |
| Publicat: |
España:
PAIDOS,
2010
|
| Col·lecció: | Paidós Estado y Sociedad
n°173 |
| Etiquetes: |
Afegir etiqueta
Sense etiquetes, Sigues el primer a etiquetar aquest registre!
|
MARC
| LEADER | 00000 a2200000 04500 | ||
|---|---|---|---|
| 001 | 48227 | ||
| 003 | cru CIDCACS/IIS | ||
| 005 | 20230307105622.0 | ||
| 008 | 050702s2010 sp spa d | ||
| 020 | |a 978-84-493-2335-5 | ||
| 040 | |c cru CIDCACS/IIS | ||
| 090 | |a 01.01.07 H449p | ||
| 245 | |a Pensar institucionalmente / |c Hugh Heclo | ||
| 260 | |a España: |b PAIDOS, |c 2010 | ||
| 300 | |a 350 páginas | ||
| 440 | |a Paidós Estado y Sociedad |v n°173 | ||
| 520 | |a El libro aporta reflexiones acerca el gobierno responsable y la moral de la política, economía y cultura ¿Qué se necesita para gestionar un buen gobierno en estos difíciles tiempos?. Además detalla la necesidad de recuperar la confianza en algunas de las características de los seres humanos: las instituciones y la vida en comunidad y la profunda desconfianza ante las instituciones que se ha instalado en amplios segmentos de la sociedad contemporánea. | ||
| 942 | |2 ddc |c LI | ||
| 999 | |c 13901 |d 13901 | ||



